| 000 | 00386nam a22001577a 4500 | ||
|---|---|---|---|
| 999 |
_c532041 _d532041 |
||
| 003 | NUST | ||
| 005 | 20191107095557.0 | ||
| 008 | 191107b ||||| |||| 00| 0 eng d | ||
| 038 | _aMSOHAIL | ||
| 082 | _a0 | ||
| 100 |
_aHenry Hewlett _925318 |
||
| 245 | _aEnsuring reservoir safety into the future | ||
| 260 |
_aLondon _bThomas Telford _cc2008 |
||
| 300 | _ap;446 | ||
| 942 |
_2ddc _cBK |
||